00229nam a2200097Ia 4500100001900000654001200019245004100031260003900072300000800111546001200119 aBeiser/Arthur  aphysics aTheory & problems of applied physics bMc Graw Hill IntaSingaporec1986 a273 aENGLISH